| 000 | 00802nam a2200241 i 4500 | ||
|---|---|---|---|
| 001 | 114971 | ||
| 003 | ES-MaACL | ||
| 005 | 20230906190310.0 | ||
| 007 | t| | ||
| 008 | 070214s1928 sp ||||1| spa d | ||
| 080 | _a850-22"19" | ||
| 100 | 1 |
_aGabirondo Sarabia, Víctor. _953140 |
|
| 245 | 1 | 3 |
_aEl último lord _b: comedia en tres actos / _cVictor Gabirondo y Manuel Morcillo ; escrita en italiano por Ugo Falena. |
| 260 |
_aMadrid : _bRivadeneyra, _c1928. |
||
| 300 |
_a61 p. : _bil. ; _c17 cm. |
||
| 490 | 1 |
_aLa Farsa ; _v70 |
|
| 500 | _aEstrenada en el Teatro Infanta Isabel, de Madrid, el día 30 de octubre de 1928. | ||
| 700 | 1 |
_aMorcillo, Manuel. _983186 |
|
| 700 | 1 |
_aFalena, Ugo. _948728 |
|
| 830 | 0 |
_aLa Farsa ; _v70 _9185863 |
|
| 852 |
_aES-MaACL _jC-13191 |
||
| 999 |
_c114971 _d114971 |
||